[Event "Mittelfranken-ch HT 49th"]
[Site "Ansbach"]
[Date "2000.??.??"]
[Round "5"]
[White "Schroll, Ralph"]
[Black "Stephan, Eberhard"]
[Result "0-1"]
[WhiteElo "2197"]
[BlackElo "2133"]
[PlyCount "62"]
[EventDate "2000.04.18"]
[EventType "swiss"]
[EventRounds "9"]
[EventCountry "GER"]
[SourceTitle "EXT 2011"]
[Source "ChessBase"]
[SourceDate "2010.11.26"]
[SourceVersion "1"]
[SourceVersionDate "2010.11.26"]
[SourceQuality "1"]

1. d4 Nf6 2. c4 c6 3. d5 d6 4. Nc3 g6 5. e4 Bg7 6. Nf3 0-0 7. Be2 e6 8. 0-0 Qc7 9. Re1 e5 10. c5 cxd5 11. cxd6 Qxd6 12. exd5 a6 13. Bg5 Nbd7 14. Qb3 b5 15. a3 Bb7 16. Rad1 Rfe8 17. Bh4 Nc5 18. Qa2 Rac8 19. Bg3 Nh5 20. Ng5 Nxg3 21. hxg3 e4 22. Bf1 e3 23. fxe3 Qxg3 24. d6 Rf8 25. Nh3 Be5 26. Nf4 Bxd6 27. Rxd6 Qxe1 28. Ncd5 Kg7 29. b4 Ne6 30. Qb2+ Kh6 31. Qe5 Rc1 0-1

[Event "Regionalliga NO 9899"]
[Site "Bayern"]
[Date "1999.??.??"]
[Round "7.6"]
[White "Roesl, Gerhard Jr"]
[Black "Stephan, Eberhard"]
[Result "0-1"]
[WhiteElo "1915"]
[BlackElo "2090"]
[PlyCount "22"]
[EventDate "1998.??.??"]
[EventType "team-tourn"]
[EventRounds "9"]
[EventCountry "GER"]
[SourceTitle "EXT 2020"]
[Source "ChessBase"]
[SourceDate "2019.10.17"]
[SourceVersion "1"]
[SourceVersionDate "2019.10.17"]
[SourceQuality "1"]
[WhiteTeam "Altensittenbach"]
[BlackTeam "Gunzenhausen"]
[WhiteTeamCountry "GER"]
[BlackTeamCountry "GER"]

1. e4 c6 2. d4 d5 3. e5 Bf5 4. h4 h5 5. c4 dxc4 6. Bxc4 e6 7. Nf3 Be7 8. Nc3 Bg4 9. Bg5 Bxf3 10. Qxf3 Qxd4 11. Qe2 Nd7 0-1